01213nam a2200289 a 450000100060000000300080000600500170001400800410003103500470007204000320011904100080015108200210015909000210018010000350020124500640023625000110030026000500031130000200036150000190038150400420040065100370044294200120047999900170049195201350050895201390064395201410078225726BD-RjUL20211209050923.0140319s1986 ii b 001 0 eng d aOCLC 10957678 from mkao068a(BD-RjUL)25796 aTXAcTXAdm/cdBD-RjULbeng aeng04a954.02bBAN 1986 aDS457b.B36 19831 aBanerjee, Anil Chandra.97902612aA new history of medieval India /cby Anil Chandra Banerjee a2nd ed aNew Delhi :bS. Chand,c1986 [reprinted 1990] a494 p. ;c23 cm aIncludes index a"Books for further study": p. 474-476 0aIndiaxHistoryy1000-1765942556 2ddccBK c25726d25726 00102ddc4072aRUCLbRUCLcReadingd1989-04-23eKarim Int.g100.00l0o954.02 BAN 1986r2014-03-19 00:00:00tC-1w2014-03-19yBK 00102ddc40708NFICaRUCLbRUCLcStackd1989-04-03eU.B.S Distg100.00l0o954.02 BAN 1986r2016-11-16 00:00:00tC-2w2021-12-09yBK 00102ddc40708NFICaRUCLbRUCLcStackd1996-06-24eIdeal Libraryg58.00l0o954.02 BAN 1990r2017-02-09 00:00:00tC-3w2021-12-09yBK